| 000 | 00790nam a2200205 a 4500 | ||
|---|---|---|---|
| 001 | 000041685 | ||
| 005 | 20201002035713.0 | ||
| 008 | 131015s1996 sp 000 0 spa d | ||
| 020 | _a8487111793 | ||
| 040 |
_aDO-SdBNP _bspa _cBNPHU |
||
| 100 | 1 |
_aMaldonado Polo, J. Luis _968154 |
|
| 245 | 1 | 0 |
_aFlora de Guatemala de José Mociño / _cJ. Luis Maldonado Polo : prólogo Raquel Álvarez Pelaéz. |
| 260 |
_aMadrid : _bConsejo Superior de Investigaciones Científicas, _c1996. |
||
| 300 |
_a363 p. : _bil. ; _c26 cm. |
||
| 490 | 1 |
_aTheatrum naturae _ahistoria natural |
|
| 504 | _aBibliografía : p. 357-359 | ||
| 504 | _aIncluye referencias bibliográficas y notas al pie de las páginas | ||
| 700 | 1 |
_aÁlvarez Pelaéz, Raquel _968494 |
|
| 830 | 0 |
_aTheatrum naturae _phistoria natural _968495 |
|
| 999 |
_c41175 _d41175 |
||